00750nam a2200193 i 450000100060000000300090000600500170001500700030003200800410003510000350007624501600011126000320027130000220030370000250032570000350035085200320038599900170041795201220043480097ES-MaACL20230906174128.0t|041026s1972 sp ||||1| spa d1 aHirsch-Weber, Wolfgang.96381013aLa política como conflicto de intereses / cWolfgang Hirsch-Weber ; prólogo de G. Eisermann ; [traducción y presentación por Antonio López Pina]. aMadrid : bTecnos, c[1972] a249 p. ; c23 cm.1 aEisermann, G.9468651 aLópez Pina, Antonio.9183727 aES-MaACLjC-43117 bR.82669 c80097d80097 00104070aATENEOMbATENEOMcDEPO2d2008-01-17eSCl0oC-43117p1083745r2023-02-23 00:00:00w2023-02-23yMONOGRAFIA